Extremely Hard General Knowledge #16 - Statistics

General Stats
  • This quiz has been taken 694 times
  • The average score is 4 of 20
Answer Stats
Hint Answer % Correct
What is the capital of the Canadian province of Saskatchewan? Regina
44%
Who was the Quarterback for the Kansas City Chiefs when they won three Super Bowls in 2020, 2023 and 2024? Patrick Mahomes
40%
What animals' meat is used in the traditional German stew called Hasenpfeffer? Rabbit
37%
Who was the President of the Confederate States of America during the US Civil War? Jefferson Davis
31%
Hawkeye technology was first used in tennis in the US Open of which year? 2006
28%
Which musical instrument is known as a marching tuba? Sousaphone
25%
Who was the manager of the Beatles until his death in 1967? Brian Epstein
23%
Who won the Booker Prize in 2009 for 'Wolf Hall' and then in 2012 for 'Bring Up the Bodies', the first two books in a trilogy about Thomas Cromwell? Hilary Mantel
22%
Which city is home to the Interpol headquarters? Lyon
21%
In the 'Birth of Venus' painting by Sandro Botticelli, what kind of shell is Venus standing on? Scallop
20%
Which city in Sweden was the capital before Stockholm? Uppsala
20%
Who was the Lyndon B Johnson's Vice President? Hubert Humphrey
16%
Which NASA space shuttle was the last to have its first launch, taking place in 1992? Endeavour
14%
Who had 3 UK Number One's, all in the 1970's, with 'Save Your Kisses for Me', 'Angelo' and 'Figaro'? Brotherhood of Man
13%
In Norse mythology, who is the God of War and the namesake of Tuesday? Týr
12%
Who won his 3rd PGA Championship (and 5th Golf Major) in 2023? Brooks Koepka
7%
Which island is home to >70% of the population of Bahamas? New Providence
7%
In 1984, who became the first actress to win an Academy Award for playing a character of the opposite sex in The Year of Living Dangerously (1982)? Linda Hunt
5%
Found in the Lake District, Scafell Pike is the highest mountain in England, but how tall is it in metres? 978
4%
In 1908 who became the first (and only) African man to win the Men's Olympic 100m? Reggie Walker
1%
No matching quizzes found
Score Distribution
Percent of People with Each Score
Percentile by Number Answered
Your Score History
You have not taken this quiz